Bluebeard´s egg

Gardado en:
Detalles Bibliográficos
Autor Principal: Atwood, Margaret
Formato: Libro
Idioma:English
Publicado: Toronto, Canadá Mc Clelland and Stewart 1983
Materias:
Etiquetas: Engadir etiqueta
Sen Etiquetas, Sexa o primeiro en etiquetar este rexistro!

MARC

LEADER 00000nam a2200000Ia 4500
008 170316s9999 xx 000 0 eng d
040 |a cru BVZT 
090 |a 818 A-7b 
100 |a Atwood, Margaret 
245 |a Bluebeard´s egg  |c Margaret Atwood 
260 |a Toronto, Canadá 
260 |b Mc Clelland and Stewart 
260 |c 1983 
300 |a 285 páginas 
650 |a LITERATURA CANADIENSE 
999 |c 21733  |d 21733 
942 |c LIB  |h 818 A-7b  |2 z